01162nam a2200313Ia 450000500170000000800410001702000150005810000270007324500890010025000230018930000600021249000230027250000420029550000250033753400260036265000520038865000560044065000390049665000370053565000360057270000380060870000340064626400340068033600270071433700330074133800280077404000350080208400110083720220317000526.0160601s2003 ck a g 000 0 spa  a95830014651 aTwain, Markd1835-191013aEl príncipe y el mendigo cMark Twain ; ilustraciones Patricia Castro, Jorge Avila a6a. reimpresión  a344 páginasbilustraciones en blanco y negro c20 cm  aLiteratura juvenil aIncluye datos biográficos del autor aIncluye cronología tPrince and the pauper142LEMBaNovela juvenil estadounidense ySiglo XIX142LEMBaLiteratura juvenil estadounidense ySiglo XIX142LEMBaPríncipes en la literatura142LEMBaMendigos en la lilteratura142LEMBaRiqueza en la literatura 1 aAvila, Jorge Albertoeilustrador 1 aCastro, Patriciaeilustrador  aBogotá bPanamericanac2003 atextobtxt2rdacontent asin mediaciónbn2rdamedia avolumenbnc2rdacarrier aCO-BoRNBPbspaerdacCO-BoRNBP aN TWA1